| 000 | 00633pam a2200241 i 4500 | ||
|---|---|---|---|
| 001 | 2708427 | ||
| 003 | OSt | ||
| 005 | 20160114100451.0 | ||
| 008 | 761018s1976 nyu 001 0 eng | ||
| 010 | _a 76049937 | ||
| 020 |
_a0070558825 : _c$7.95 |
||
| 040 |
_aDLC _cDLC _dDLC |
||
| 050 | 0 | 0 |
_aBC177 _b.S37 |
| 082 | 0 | 0 | _a160 |
| 100 | 1 | _aScriven, Michael. | |
| 245 | 1 | 0 |
_aReasoning / _cMichael Scriven. |
| 260 |
_aNew York : _bMcGraw-Hill, _cc1976. |
||
| 300 |
_axviii, 250 p. ; _c23 cm. |
||
| 500 | _aIncludes index. | ||
| 650 | 0 | _aReasoning. | |
| 906 |
_a7 _bcbc _corignew _d1 _eocip _f19 _gy-gencatlg |
||
| 942 |
_2lcc _cSH_L_BOOKS |
||
| 999 |
_c11000 _d11000 |
||